00777nam a22002537a 450000500170000001000490001702000260006602000230009203500130011503500130012803500170014103700130015803700130017108200130018410000210019724501060021825000120032426000430033627000390037930000240041850000400044270000230048270000180050520180319144742.0 a1718EN-30 ENG-115789 a9789352602117c745.00 a9352602110c745.00 aEN-99321 aB-665161 aB-683582-587 bBSBadpl bDBAD/PUB a658.4052 aLewicki, Roy J. aNegotiation :cby Roy J. Jewicki, David M.Saunders [and] Bruce Barry breading,exercise and cases / a6th ed. aNew DelhibMcgraw Hill Educationc2017 aP-24,Green ParkbNew Delhie110016 ax,708p. c24cm(pbk) aIncludes title index and name index aSaunders, David M. aBarry, Bruce